WILSON & GISVOLD'S TB OF ORGANIC MEDICINAL & PHARMACUETICAL CHEMISTRY (Record no. 7157)

MARC details
000 -LEADER
fixed length control field 00378nam a2200145Ia 4500
008 - FIXED-LENGTH DATA ELEMENTS--GENERAL INFORMATION
fixed length control field 150301s2015 xx 000 0 und d
082 ## - DEWEY DECIMAL CLASSIFICATION NUMBER
Classification number 615.19
Item number O11B
100 ## - MAIN ENTRY--PERSONAL NAME
Personal name M. JOHN BEALE
245 ## - TITLE STATEMENT
Title WILSON & GISVOLD'S TB OF ORGANIC MEDICINAL & PHARMACUETICAL CHEMISTRY
250 ## - EDITION STATEMENT
Edition statement 12TH
260 ## - PUBLICATION, DISTRIBUTION, ETC. (IMPRINT)
Name of publisher, distributor, etc. WOLTER KLUMER
300 ## - PHYSICAL DESCRIPTION
Extent 988
650 ## - SUBJECT ADDED ENTRY--TOPICAL TERM
Topical term or geographic name as entry element MEDICINAL PLANT
942 ## - ADDED ENTRY ELEMENTS (KOHA)
Source of classification or shelving scheme Dewey Decimal Classification
Koha item type Books
Holdings
Withdrawn status Lost status Source of classification or shelving scheme Damaged status Not for loan Collection code Home library Current library Shelving location Date acquired Source of acquisition Cost, normal purchase price SGTU Bill Number Full call number Barcode Date last seen Bill Date Koha item type Total Checkouts Date last checked out
    Dewey Decimal Classification     PHARMACY SGT FA-FP Library SGT FA-FP Library Reference Book 02/07/2015 ABC DELHI 1495.00 SGTU 492 615.19 O11B FP611 02/07/2015 24/11/2014 Books    
    Dewey Decimal Classification     PHARMACY SGT FA-FP Library SGT FA-FP Library Reference Book 02/07/2015 ABC DELHI 1495.00 SGTU 492 615.19 O11B FP612 02/07/2015 24/11/2014 Books    
    Dewey Decimal Classification     PHARMACY SGT FA-FP Library SGT FA-FP Library Reference Book 02/07/2015 ABC DELHI 1495.00 SGTU 492 615.19 O11B FP613 02/09/2025 24/11/2014 Books 1 02/09/2025
    Dewey Decimal Classification     PHARMACY SGT FA-FP Library SGT FA-FP Library Reference Book 02/07/2015 ABC DELHI 1495.00 SGTU 492 615.19 O11B FP614 02/07/2015 24/11/2014 Books    
    Dewey Decimal Classification     PHARMACY SGT FA-FP Library SGT FA-FP Library Reference Book 02/07/2015 ABC DELHI 1495.00 SGTU 492 615.19 O11B FP615 14/12/2020 24/11/2014 Books 1 20/09/2016